| 000 | 00688nam a22002177a 4500 | ||
|---|---|---|---|
| 005 | 20210325205920.0 | ||
| 008 | s2007 eng d | ||
| 020 | _a9780446579919 | ||
| 041 | _aeng | ||
| 050 | _aPN6084.L15 O53 2007 | ||
| 100 | 0 | _aPockell, Leslie, ed. | |
| 245 | 1 | 0 | _aThe 100 greatest leadership principles of all time |
| 260 | 3 |
_aNew York : _bBusiness Plus, _c2007 |
|
| 300 |
_a110 p. ; _b 18 cm. |
||
| 650 | 0 | 4 | _aLeadership -- Quotations, maxims, etc. |
| 850 | _aNALT | ||
| 942 | _cGB | ||
| 997 | _a9215 | ||
| 997 | _c000000000064775 | ||
| 998 | _aนางสุกัญญา กัลยา | ||
| 999 |
_c64775 _d64775 |
||